Z galérie osobností v dejinách spisovnej slovenčiny (XIII.) Nové obdobie v dvoch etapách

Bibliographic Details
Main Author: Krajčovič, Rudolf, 1927-2014 (Author)
Format: Article
Language:Slovak
ISSN:0023-5202
Subjects:

MARC

LEADER 00000nab a2200000 a 4500
001 vtls008157732
003 SK-MaSNL
005 20260304145754.0
008 250505c2005 xo |||||||b |00 b|slo
015 |a SNBRB2005/06  |2 snkbucl 
035 |a (sysno)vtls008157732 
035 |a urn:nbn:sk:snk-ab6kk9 
035 |a (uuid)7374e842-16a6-4d6b-8a5d-53718c117cdf 
035 |a (urnnbn)urn:nbn:sk:snk:ar-005b00 
038 |a SNKBUCL 
040 |a SNKBUCL  |b slo  |c SNKBUCL  |e AACR2 
041 0 |a slo 
044 |a xo  |c SK 
080 |a 81-051  |2 1997 
080 |a 81`0:811.162.4  |2 1997 
080 |a 811.162.4  |x (091)  |2 1997 
080 |a 811.162.4`0  |2 1997 
100 1 |a Krajčovič, Rudolf,  |d 1927-2014  |4 aut  |9 184229 
245 1 0 |a Z galérie osobností v dejinách spisovnej slovenčiny  |n (XIII.)  |p Nové obdobie v dvoch etapách  |c Rudolf Krajčovič 
504 |a Bibliogr. odkazy 
648 7 |a 1940-1990  |2 snkbucl  |9 561960 
650 0 7 |a slovenčina  |2 snkbucl  |9 1350 
650 0 7 |a osobnosti  |x slovenčina  |y 1940-1990  |2 snkbucl  |9 74536 
773 0 |t Kultúra slova  |g Roč. 39, č. 1 (2005), s. 7-15  |x 0023-5202 
850 |a Slovenská národná knižnica 
852 |a Slovenská národná knižnica 
954 |a odborná, vedecká literatúra pôvodná (slovenská)  |2 lita 
958 |a article27 
958 |a OND 
958 |a NB 
958 |a EUIPO 
999 |c 2936813  |d 2938743